00185nam a2200073Ia 4500008004100000050001500041100002200056245003300078230915s9999 xx 000 0 und d aHF5718.B68 aCORTLAND L. BOVEE 0aBUSINESS COMMUNICATION TODAY